banner koha

Influencia da profundidade de semeadura e da compactacao do solo, na emergencia e desenvolvimento do sorgo granifero (Sorghum bicolor (L.)Moench) (Registro n. 318559)

MARC details
000 -LÍDER
campo de controle de tamanho fixo 01255naa a22003137a 4500
001 - NÚMERO DE CONTROLE
campo de controle BR8706960
003 - IDENTIFICADOR DO NÚMERO DE CONTROLE
campo de controle BR-BrBNA
005 - DATA E HORÁRIO DA ÚLTIMA TRANSAÇÃO
campo de controle 20240918175857.0
007 - CAMPO FIXO DE DESCRIÇÃO FÍSICA--INFORMAÇÃO GERAL
campo de controle de tamanho fixo ta
008 - CAMPO DE DADOS FIXOS--INFORMAÇÃO GERAL
campo de controle de tamanho fixo 230509b bl.||||| |||| 00| 0 por d
040 ## - FONTE DA CATALOGAÇÃO
Instituição da catalogação original BR-BrBNA
Idioma da catalogação por
Instituição que transcreveu o registro Biblioteca Nacional de Agricultura
041 ## - CÓDIGO DE IDIOMA
Código do idioma do texto/trilha sonora ou título diferente (Pt)
072 ## - CÓDIGO DE CATEGORIA DE ASSUNTO
Código de Categoria de Assunto F01; F03
Código do objeto 0170
090 ## - NÚMERO DE CHAMADA LOCAL
Número de chamada F01 BR8706960
100 1# - ENTRADA PRINCIPAL--NOME PESSOAL
Nome pessoal Ortolani, A.F.
100 1# - ENTRADA PRINCIPAL--NOME PESSOAL
Nome pessoal Banzatto, D.A.
100 1# - ENTRADA PRINCIPAL--NOME PESSOAL
Nome pessoal Bortoli, N.M.
111 1# - ENTRADA PRINCIPAL--NOME DO EVENTO
Nome do evento ou lugar 15. Congresso Brasileiro de Engenharia Agricola; 1. Feira Nacional de Equipamentos e Tecnicas Agropecuarias
Local do evento Sao Paulo, SP (Brazil)
Data do evento ou assinatura do tratado 8 Jul 1986
245 1# - TÍTULO
Título Influencia da profundidade de semeadura e da compactacao do solo, na emergencia e desenvolvimento do sorgo granifero (Sorghum bicolor (L.)Moench)
260 3# - PUBLICAÇÃO, DISTRIBUIÇÃO, ETC.
Local de publicação, distribuição, etc. Sao Paulo, SP (Brasil):
Data da publicação, distribuição, etc. 1986.
500 ## - NOTA GERAL
Nota geral Anais do 15. Congresso Brasileiro de Engenharia Agricola<br/>Sao Paulo, SP (Brasil): 1986. p. 27-39<br/>(BR8706960-AM)F01<br/>
650 ## - ASSUNTO--TERMO TÓPICO
Cabeçalho tópico ou nome geográfico SORGO GRANIFERO
650 ## - ASSUNTO--TERMO TÓPICO
Cabeçalho tópico ou nome geográfico SEMEADURA
650 ## - ASSUNTO--TERMO TÓPICO
Cabeçalho tópico ou nome geográfico COMPACTACAO DO SOLO
650 ## - ASSUNTO--TERMO TÓPICO
Cabeçalho tópico ou nome geográfico EMERGENCIA
773 0# - ENTRADA ANALÍTICA
Título Anais do 15. Congresso Brasileiro de Engenharia Agricola
Número de controle do registro F01 BR8706960
Partes relacionadas Sao Paulo, SP (Brasil), 1986. p. 27-39
909 ## -
-- 202404
-- Lucia
-- 55
-- Lucia Elande
942 ## - ELEMENTOS DE ENTRADA ADICIONADOS (KOHA)
Tipo de material Koha Capítulo-Livro
Fonte da classificação ou esquema de arquivamento na estante Classificação AGRIS
Exemplares
Situação do descarte Fonte da classificação ou esquema de arquivamento na estante Situação física Não pode ser emprestado Coleção Biblioteca de origem Biblioteca atual Localização na estante Total de empréstimos Número de telefone completo Data de último acesso Número do exemplar Tipo de material Koha Situação das perdas Data de aquisição Fonte de aquisição
  Classificação AGRIS       Biblioteca Nacional de Agricultura - Binagri Biblioteca Nacional de Agricultura - Binagri Agrobase - Acervo Geral   5300 BR2017002864 20/05/2024 01 Capítulo-Livro   2024-04-11 Portaria Interministerial nº 164/94

BINAGRI

Telefone: (61)3218-2567/2388/3357/2097 - binagri@agro.gov.br

Ministério da Agricultura e Pecuária , Esplanada dos Ministérios, Bloco D, Anexo B, Brasília/DF, CEP: 70.043-900